00868cam a22002531 45000010008000000030004000080050017000120080041000290100017000700200018000870400018001050500020001230820018001431000047001612450060002082600037002683000027003054900039003326500029003717400021004009420042004219520134004639990017005971694206OSt20231125154914.0730220s1961 nyua 000 0 eng  a 60013939  a9788172337636 aDLCcDLCdDLC00aQL351b.S5 196100a590.12bSIM/P aSimpson, George Gaylord d1902-1984.9496100aPrinciples of animal taxonomy./cGeorge Gaylord Simpson a,bScientific publishers,c2018. a247 p.billus.c24 cm.0 aColumbia biological series, no. 20 0aAnimalsvClassification. aAnimal taxonomy. 2ddccBKh590.12iSIM/Pk590.12mSIM/P 00102ddc40708ZOOLOGYaMESbMEScZOOd2023-11-25l0o590.12 SIM/Pp43886r2023-11-25 15:50:04v1250.00w2023-11-25yBKzGL19R1 c43709d43709